Masters Of Sociologycal Thought : (Record no. 1246)
[ view plain ]
| 000 -LEADER | |
|---|---|
| fixed length control field | 00554cam a2200205ua 4500 |
| 001 - CONTROL NUMBER | |
| control field | 1348 |
| 005 - DATE AND TIME OF LATEST TRANSACTION | |
| control field | 20260515113324.0 |
| 008 - FIXED-LENGTH DATA ELEMENTS--GENERAL INFORMATION | |
| fixed length control field | 150811n ii |||gr||||Z||||||eng |
| 020 ## - INTERNATIONAL STANDARD BOOK NUMBER | |
| International Standard Book Number | 81-7033-343-1 |
| 040 ## - CATALOGING SOURCE | |
| Transcribing agency | MAIN |
| 041 ## - LANGUAGE CODE | |
| Language code of text/sound track or separate title | eng |
| 082 ## - DEWEY DECIMAL CLASSIFICATION NUMBER | |
| Classification number | 301 |
| 100 ## - MAIN ENTRY--PERSONAL NAME | |
| Personal name | Coser, Lewis A., |
| 245 ## - TITLE STATEMENT | |
| Title | Masters Of Sociologycal Thought : |
| Remainder of title | ideas in Historical and Socioal Context / |
| Statement of responsibility, etc. | By Lewis A. Coser |
| 250 ## - EDITION STATEMENT | |
| Edition statement | 2nd. |
| 260 ## - PUBLICATION, DISTRIBUTION, ETC. | |
| Place of publication, distribution, etc. | Jaipur: |
| Name of publisher, distributor, etc. | Rawat Publications, |
| Date of publication, distribution, etc. | 2004. |
| Place of publication, distribution, etc. | New Delhi: |
| 300 ## - PHYSICAL DESCRIPTION | |
| Extent | xxv; 611p: |
| Dimensions | 23cm. |
| 653 ## - INDEX TERM--UNCONTROLLED | |
| Uncontrolled term | Sociology |
| 942 ## - ADDED ENTRY ELEMENTS (KOHA) | |
| Koha item type | Books |
| Withdrawn status | Lost status | Damaged status | Not for loan | Home library | Current library | Date acquired | Total checkouts | Full call number | Barcode | Date last seen | Copy number | Price effective from | Koha item type |
|---|---|---|---|---|---|---|---|---|---|---|---|---|---|
| Naharkatiya College Library | Naharkatiya College Library | 09/19/2020 | 301 | COS | 16383 | 07/31/2023 | 1 | 09/19/2020 | Books | |||||
| Naharkatiya College Library | Naharkatiya College Library | 09/19/2020 | 301 | COS | 18661 | 09/19/2020 | 2 | 09/19/2020 | Books |